Každý prevádzkovateľ reštaurácie McDonald's musí absolvovať Hamburger University v štáte Illinois, USA
McDonald's je najväčšia franchisingová spoločnosť na svete. Začala pôsobiť aj na Slovensku. Princíp franchisingu. Základné kritériá pri výbere žiadateľov o licenciu. Návratnosť finančných investícií nie je rýchla. Náročná a dlhodobá príprava manažérov.
Guardado en:
| Autor principal: | |
|---|---|
| Otros Autores: | |
| Formato: | Capítulo de libro |
| Lenguaje: | eslovaco |
| Materias: | |
| Etiquetas: |
Sin Etiquetas, Sea el primero en etiquetar este registro!
|
MARC
| LEADER | 00000naa a2200000 4500 | ||
|---|---|---|---|
| 001 | r019114 | ||
| 005 | 20230921074436.5 | ||
| 041 | 0 | |a slo | |
| 044 | |a SK | ||
| 245 | 1 | 0 | |a Každý prevádzkovateľ reštaurácie McDonald's musí absolvovať Hamburger University v štáte Illinois, USA |c J. Sernett, A. Tomová |
| 520 | |a McDonald's je najväčšia franchisingová spoločnosť na svete. Začala pôsobiť aj na Slovensku. Princíp franchisingu. Základné kritériá pri výbere žiadateľov o licenciu. Návratnosť finančných investícií nie je rýchla. Náročná a dlhodobá príprava manažérov. | ||
| 610 | 2 | 0 | |a USA |
| 610 | 2 | 0 | |a Slovensko |
| 610 | 2 | 0 | |a McDonald's |
| 610 | 2 | 0 | |a franchising |
| 610 | 2 | 0 | |a licencie |
| 610 | 2 | 0 | |a manažéri |
| 610 | 2 | 0 | |a riadenie podnikové |
| 610 | 2 | 0 | |a zdroje ľudské |
| 610 | 2 | 0 | |a zariadenia stravovacie |
| 610 | 2 | 0 | |a reštaurácie |
| 100 | 1 | |a Sernett, J. | |
| 700 | 1 | |a Tomová, A. | |